Statistics for Artist to Song #2: Spiderverse series

Click here to take the quiz!

General Stats

  • This quiz has been taken 40 times
  • The average score is 4 of 10

Answer Stats

Artist(s)Into or AcrossAnswer% Correct
Post Malone, Swae LeeIntoSunflower
95%
Blackway, Black CaviarIntoWhat's Up Danger
57%
Metro Boomin, James BlakeAcrossHummingbird
43%
Metro Boomin, Coi LerayAcrossSelf Love
43%
Metro Boomin, Future, Lil Uzi VertAcrossAll The Way Live
33%
Metro Boomin, Swae Lee, NAV, A Boogie Wit Da HoodieAcrossCalling
33%
Juice WRLD, SeezynIntoHide
33%
Jaden SmithIntoWay Up
33%
Nicki Minaj, Anuel AA, BantuIntoFamilia
29%
Metro Boomin, James Blake, ASAP Rocky, 21 SavageAcrossNonviolent Communication
24%

Score Distribution

Percentile by Number Answered

Percent of People with Each Score

Your Score History

You have not taken this quiz